LEADER 00648nam 2200205z- 450 001 9911020340203321 005 20251116163227.0 010 $a1-394-18151-5 035 $a(CKB)5840000000414115 035 $a(EXLCZ)995840000000414115 100 $a20231205c2023uuuu -u- - 101 0 $aeng 200 10$a5G Innovations for Industry Transformation : Data?Driven Use Cases 210 $cJohn Wiley & Sons, Ltd 311 08$a1-394-18148-5 517 $a5G Innovations for Industry Transformation 906 $aBOOK 912 $a9911020340203321 996 $a5G Innovations for Industry Transformation : Data?Driven Use Cases$94416349 997 $aUNINA